000 00279nam a2200133Ia 4500
100 _aHakala D
942 _cBK
654 _aModerns made easy
245 _aModerns made easy
260 _bOsborne
_aNew York
_c1995
082 _a621.380413
546 _aENGLISH
999 _c33756
_d33756